00321 a2200097 4500001000900000005001700009008004100026245004200067100002300109773009100132ART_473420260410161824.0260409a 10aLa formación profesional en Francia1 aKirsch, Jean-Louis0 tRevista de trabajogFormación profesional - Año 1, Nº 1 (mar./abr. 1994)wREV4713